| 000 | 00500cam a22002051 4500 | ||
|---|---|---|---|
| 001 | sa 65000197 | ||
| 003 | DLC | ||
| 005 | 20260227112101.0 | ||
| 008 | 881028s1963 xx 000 0 beno | ||
| 010 | _asa 65000197 | ||
| 035 | _a(OCoLC)23556386 | ||
| 040 |
_aDLC _cMiU _dDLC |
||
| 042 | _apremarc | ||
| 050 | 0 | 0 |
_aPK1718.M2495 _bP7 |
| 100 | 1 |
_aMamun, Mohammad, _d1927- |
|
| 245 | 1 | 0 | _aPreme paṛechi kr̥shṇacūṛāra. |
| 260 | _c[1963] | ||
| 300 |
_a63 p. _c22 cm. |
||
| 500 | _aRomanized. | ||
| 999 |
_c61426 _d61426 |
||